| 000 | 00796nam a2200205 i 4500 | ||
|---|---|---|---|
| 001 | 184864 | ||
| 003 | ES-MaACL | ||
| 005 | 20230906222308.0 | ||
| 008 | 160208s1998 sp e |||| | spa d | ||
| 020 | _a84-239-4367-4 | ||
| 080 | _a014.5 Enciclopedia universal ilustrada europeo-americana | ||
| 245 | 0 | 0 |
_aEnciclopedia universal ilustrada europeo-americana. _pÍndex (suplementos 1934-1996). |
| 246 | 3 |
_aEnciclopedia universal ilustrada. _pÍndices. _nsuplementos 1934-1996 |
|
| 260 |
_aMadrid : _bEspasa Calpe, _c[1998] |
||
| 300 |
_aXLI, 1370 p. ; _c26 cm. |
||
| 650 | 4 |
_aEnciclopedias. _912235 |
|
| 710 | 2 |
_aEspasa Calpe. _94008 |
|
| 740 | 0 | 2 |
_aEnciclopedia universal ilustrada. _pÍndex (suplementos 1934-1996) |
| 852 | 4 |
_aES-MaACL _jMesetón _z- Enc. cart. _z- Donat. Carlos París |
|
| 999 |
_c184864 _d184864 |
||